Recull bibliogràfic del Centre de Documentació i Educació Ambiental i del Centre de Documentació de Sant Llorenç del Munt i l'Obac
MARC
| LEADER | 00000nam a2200000Ia 4500 | ||
|---|---|---|---|
| 001 | 21421 | ||
| 008 | 160829s2001 xx 000 0 cat d | ||
| 080 | |a A-2-362 | ||
| 245 | |a Recull bibliogràfic del Centre de Documentació i Educació Ambiental i del Centre de Documentació de Sant Llorenç del Munt i l'Obac | ||
| 260 | |a Terrassa : |b Centre de Documentació i Educació Ambiental, Centre de Documentació del Parc Natural de Sant Llorenç del Munt i l'Obac, Agència de Serveis Energètics, |c 2001 | ||
| 300 | |a 162 p. ; |c 29 cm | ||
| 650 | |a Terrassa. Centre de Documentació i Educació Ambiental |x Catàleg |9 44518 | ||
| 650 | |a Centre de Documentació del Parc Natural de Sant Llorenç de Munt i l'Obac |x Catàleg |9 44523 | ||
| 650 | |a Medi ambient |x Bibliografia |9 44519 | ||
| 700 | |a Terrassa. Centre de Documentació i Educació Ambiental |9 44520 | ||
| 700 | |a Centre de Documentació del Parc Natural de Sant Llorenç de Munt i l'Obac |9 44521 | ||
| 700 | |a Terrassa. Agència de Serveis Energètics |9 44524 | ||
| 901 | |a Arxiu | ||
| 942 | |n 1 | ||
| 952 | |0 0 |1 0 |4 0 |6 A2362 |7 1 |9 51973 |a Arxiu |b Arxiu |d 2016-12-01 |l 0 |o A-2-362 |p 21421 |r 2016-12-01 00:00:00 |w 2016-12-01 |y ARXIU | ||
| 999 | |c 55820 |d 55820 | ||